000 00822nmm a2200265 a 4500
001 ocm000597323
003 TR-IsHL
005 20201028132248.0
008 131030s2008 tu tur
007 cr cn
020 _a9789759044503
035 _a597323
_b(N$T)
050 0 4 _aPL248.Y65
_bL3 2008
090 0 4 _aPL248.Y65
_bL3 2008
100 1 _aYolcu, Muhsin
245 1 0 _aLatif latifeler
_h[electronic resource] /
_cMuhsin Yolcu
260 _aİstanbul :
_bAğaç Kitabevi Yayınları,
_c2008
300 _a140 p.
650 4 _aDil ve Edebiyat
650 4 _aLanguage and Literature
650 0 _aTürk mizahı
650 0 _aTurkish humor
650 7 _aLITERARY COLLECTIONS / Middle Eastern
_2bisacsh
856 4 0 _uhttp://search.ebscohost.com/login.aspx?direct=true&scope=site&db=e011xww&AN=597323
999 _c5000
_d5000